00350 a2200109 4500001001000000005001700010008004100027245005900068100004100127773005500168999001700223ART_3048620260410162003.0260409a 10aSistema político-económico mundial contemporáneo1 aArellanes Jiménez, Paulino Ernesto0 tForo políticog- Vol. XVII (ago. 1996)wREV30389 c31458d31458